000 00509nam a2200181Ia 4500
999 _c29444
_d29444
003 OSt
005 20201116142821.0
008 190216s9999||||xx |||||||||||||| ||und||
020 _a9788122605761
040 _coclc
082 _a894.8123
_bARA/J
100 _aAravindhakshan, K
_96622
245 0 _aJeevaparyandham /
_cK Aravindhakshan
260 _bCurrent Books,
_aKottayam:
_c2006.
300 _a144p
650 _aMalayalam
942 _cBK
_2ddc
_h894.8123
_iARA/J
_k894.8123
_mARA/J